LEADER 01794nam a2200301 4500 001 000000339917 003 CaOOAMICUS 005 20200320102232.0 008 200320s1645 it 000 u ita r 026 $alir- lao- o.a, nafi (3) 1645 (Q) 040 $aSeMil$bita 100 11$aMonti, Cesare,$c.$0(OLS)http://semarc/name/20020 245 00$aRegole prescritte dall'em.mo e rev.mo sig.re cardinale Cesare Monti arcivescovo della Chiesa milanese per lo buon governo del Luogo Pio di Santa Febronia, nuovamente aperto per conservar illesa la pudititia delle zitelle, quall'hora si trovano in pericolo di perderla. 264 1$aIn Milano :$bPer Gio. Battista Beltramino. Nella Bottega de gl'Eredi di Giorgio Rolla,$c[1645] 300 $a[2], 32, [2] p. ;$c4° 500 $aIniziali, fregi xilogr. 500 $aStemma vescovile xilogr. sul front. 500 $aSegn.: ?² (?1+A-D?) 500 $aData di pubblicazione presunta a c. A1r. 700 1 $aBeltramino, Giovanni Battista,$c.$0(OLS)http://semarc/name/92929 710 2 $aLuogo pio di Santa Febronia .$0(OLS)http://semarc/name/111219 752 $aIT$dMilano 850 $aSeMil 852 $aSeMil$W1$xVenegono$y1$m3Z V 4/10 FA$j219295$B231105$CSeMilBibl$Z2$F231105 $8I 941 1 $a10 996 $6245$aRegole prescritte dall'em.mo e rev.mo sig.re cardinale Cesare Monti arcivescovo della Chiesa milanese per lo buon governo del Luogo Pio di Santa Febronia, nuovamente aperto per conservar illesa la pudititia delle zitelle, quall'hora si trovano in pericolo di perderla$9(OLS)http://semarc/title/428840 996 $6264$aIn Milano :$bPer Gio. Battista Beltramino. Nella Bottega de gl'Eredi di Giorgio Rolla$9(OLS)http://semarc/publisher/58940 LEADER 00953nam a2200193 4500 001 000000362937 003 CaOOAMICUS 005 20250523122333.0 008 250523s1883 it 000 u ita r 040 $aSeMil$bita 100 1 $aRossignoli, Giovanni <1851-1909>.$0(OLS)http://semarc/name/1293 245 10$aFilosofia e positivismo :$bdiscorso letto per l'inaugurazione degli studi nel Seminario di Novara, il 30 ottobre 1883 /$cdal sacerdote Giovanni Rossignoli. 264 1$aNovara :$bTipografia dei Fratelli Miglio,$c1883. 300 $a23 p. ;$c24 cm 850 $aSeMil 852 $aSeMil$W1$xVenegono$y1$m5B VIII 2/19$j257441$B253820$CSeMilBibl$Z2$F253820 $8I 996 $6245$aFilosofia e positivismo :$bdiscorso letto per l'inaugurazione degli studi nel Seminario di Novara, il 30 ottobre 1883$9(OLS)http://semarc/title/453954 996 $6264$aNovara :$bTipografia dei Fratelli Miglio$9(OLS)http://semarc/publisher/57110 LEADER 00982nam a2200241 i 4500 001 000000080784 003 CaOOAMICUS 005 20180419000000.0 008 180419n it s u000 u ita u 013 $a53022 040 $aSeMil$bita 245 10$aDon Carlo Sonzini :$bUomo di Luce /$cregia Andrea Tomasetto ; montaggio Antonio Venere. 260 $aTorino :$bNOVA-T,$c[2018?] 300 $a1 DVD (42 min) ;$c19 cm. 500 $aPAL ; Dolby Digital 2.0. - COLLOCAZIONE : UFFICIO. 600 14$aSonzini, Carlo .$0(OLS)http://semarc/subject/1434 700 1 $aVenere, Antonio.$0(OLS)http://semarc/name/91510 700 1 $aTomasetto, Andrea.$0(OLS)http://semarc/name/91509 850 $aSeMil 852 $aSeMil$W1$xVenegono$y1$mDVD/4$j46173$B46173$CSeMilBibl$Z2$F48381 $85 961 $aOmaggio: Altro 996 $6245$aDon Carlo Sonzini :$bUomo di Luce$9(OLS)http://semarc/title/404144 996 $6260$aTorino :$bNOVA-T$9(OLS)http://semarc/publisher/55069 LEADER 01165nam a2200277 i 4500 001 000000112908 003 CaOOAMICUS 005 20030306000000.0 008 030306s1983 it u000 u ita u 013 $a85592 040 $aSeMil$bita 100 1 $aTillard, Jean-Marie Roger .$0(OLS)http://semarc/name/90323 240 13$aLe propos de pauvreté et l'exigence évangelique.$0(OLS)http://semarc/title/164699 245 10$aPovertà evangelica /$cJ.-M. Tillard R. 260 $aBologna :$bEDB,$c1983. 300 $a77 p. ;$c19 cm. 490 0 $aTestimoni : collana di spiritualità : dottrina, esperienze, testimonianze ;$v31 500 $aFondo Card. C.M. Martini. 650 4$aPovertà - Concezione cristiana - Fonti neotestamentarie.$0(OLS)http://semarc/subject/2098 830 0$aTestimoni ;$v31.$0(OLS)http://semarc/title/10583 850 $aSeMil 852 $aSeMil$W1$xVenegono$y1$m2D I 54$j68625$B68625$CSeMilBibl$Z2$F92536 $81 941 1 $a4 961 $aOmaggio: Martini Card. Carlo Maria 996 $6245$aPovertà evangelica$9(OLS)http://semarc/title/164698 996 $6260$aBologna :$bEDB$9(OLS)http://semarc/publisher/29669 LEADER 01362nam a2200289 4500 001 000000365964 003 CaOOAMICUS 005 20260116115626.0 008 260107s2025 it 000 u ita r 020 $a978-88-99483-42-5 040 $aSeMil$bita 100 1 $aBiasi, Marco,$d<1983- >.$0(OLS)http://semarc/name/120790 245 10$aNon ho l'età. Anzi, sì! :$bBaby Boomer, Gen X, Millennial e Gen Z : la convivenza intergenerazionale in azienda al tempo dell'IA /$cM. Biasi ... [et. al.]. 264 1$aMilano :$bINAZ,$c2025. 300 $a91 p. ;$c18 cm 490 1 $aPiccola biblioteca d'impresa 650 4$aImpresa - Aspetti sociali.$0(OLS)http://semarc/subject/20507 650 4$aGenerazioni - Rapporti.$0(OLS)http://semarc/subject/48982 830 0$aPiccola biblioteca d'impresa.$0(OLS)http://semarc/title/39141 850 $aSeMil 852 $aSeMil$W1$xVenegono$y1$m3M I 433$j266117$B256757$CSeMilBibl$Z2$F256757 $81 941 1 $a7 961 $aOmaggio mons. Mario Delpini 996 $6020$a978-88-99483-42-5$9(OLS)http://semarc/number/305058 996 $6245$aNon ho l'età. Anzi, sì! :$bBaby Boomer, Gen X, Millennial e Gen Z : la convivenza intergenerazionale in azienda al tempo dell'IA$9(OLS)http://semarc/title/457657 996 $6264$aMilano :$bINAZ$9(OLS)http://semarc/publisher/37902 LEADER 01803nam a2200325 i 4500 001 000000191450 003 CaOOAMICUS 005 20241216115226.0 008 100803s2010 gw u100 u eng u 020 $a978-3-11-022173-2 020 $ae-978-3-11-022174-9 040 $aSeMil$bita 245 00$aPhilemon in perspective :$binterpreting a Pauline letter /$cedited by D. François Tolmie ; assisted by Alfred Friedl. 260 $aBerlin ; New York :$bDe Gruyter,$c2010. 300 $axii, 394 p. ;$c24 cm. 490 0 $aBeihefte zur Zeitschrift für die neutestamentliche Wissenschaft und die Kunde der älteren Kirche ;$v169 500 $aAtti del 5. convegno internazione sul Nuovo Testamento, 12-20 agosto 2008, Université de Bloemfontein, Africa del Sud 650 4$aBibbia - NT - Atti di congressi.$0(OLS)http://semarc/subject/28595 650 4$aBibbia. Nuovo Testamento. Lettera a Filemone - Commentari, studi, critica, interpretazioni.$0(OLS)http://semarc/subject/12452 700 1 $aFriedl, Alfred.$0(OLS)http://semarc/name/69923 700 1 $aTolmie, D. François.$0(OLS)http://semarc/name/69922 830 0$aBeihefte zur Zeitschrift für die neutestamentliche Wissenschaft und die Kunde der älteren Kirche ;$v169.$0(OLS)http://semarc/title/296 850 $aSeMil 852 $aSeMil$W1$xVenegono$y1$m2XA R 169$j253451$B142064$CSeMilBibl$Z2$F153618 $81 961 $aSottoscrizione: De Gruyter 996 $6020$a978-3-11-022173-2$9(OLS)http://semarc/number/182545 996 $6020$ae-978-3-11-022174-9$9(OLS)http://semarc/number/182546 996 $6245$aPhilemon in perspective :$binterpreting a Pauline letter$9(OLS)http://semarc/title/275863 996 $6260$aBerlin ; New York :$bDe Gruyter$9(OLS)http://semarc/publisher/29892